Teorías y problemas de Macroeconomía (Registro nro. 3884)

Detalles MARC
000 -LEADER
fixed length control field 01723 a2200229 4500
001 - CONTROL NUMBER
control field 45033
005 - DATE AND TIME OF LATEST TRANSACTION
control field 20260407155725.0
008 - FIXED-LENGTH DATA ELEMENTS--GENERAL INFORMATION
fixed length control field 260407a1976 arg spa d
003 - CONTROL NUMBER IDENTIFIER
control field AR-UNSa-BCEJYS
040 ## - CATALOGING SOURCE
Original cataloging agency AR-UNSa-BCEJYS
Language of cataloging spa
Transcribing agency AR-UNSa-BCEJYS
080 ## - UNIVERSAL DECIMAL CLASSIFICATION NUMBER
Universal Decimal Classification number 330.101.541
Common auxiliary subdivision Macroeconomía
020 ## - INTERNATIONAL STANDARD BOOK NUMBER
International Standard Book Number 968-451-276-7
041 ## - LANGUAGE CODE
Language code of text/sound track or separate title spa
100 1# - MAIN ENTRY--PERSONAL NAME
Personal name Cárdenas Nannetti, Jorge
245 10 - TITLE STATEMENT
Title Teorías y problemas de Macroeconomía
264 #1 - PRODUCTION, PUBLICATION, DISTRIBUTION, MANUFACTURE, AND COPYRIGHT NOTICE
Place of production, publication, distribution, manufacture México :
Name of producer, publisher, distributor, manufacturer McGraw-Hill
Date of production, publication, distribution, manufacture, or copyright notice 1976
300 ## - PHYSICAL DESCRIPTION
Extent 208 p.
Dimensions 27 cm.
505 ## - FORMATTED CONTENTS NOTE
Formatted contents note 1. Introducción al análisis macroeconomico – 2. El nivel del ingreso en un modelo económico de dos sectores – 3.El multiplicador en un modelo de dos sectores – 4. El gobierno y el nivel del ingreso – 5.El sector internacional y el nivel del ingreso – 6. Multiplicadores para un modelo de economía de cuatro sectores – 7. La teoría de Keynes sobre la demanda de consumo – 8. Teorías de posguerra sobre la demanda de consumo – 9. La eficiencia marginal del capital – 10. Teorías sobre la inversión – 11. El equilibrio en los mercados de bienes – 12. El dinero y el nivel del ingreso – 13. La teoría keynesiana de la demanda de dinero – 14.El equilibrio en los mercados monetarios – 15. Teoría contemporánea de la demanda de dinero – 16. Equilibrio simultáneo en los mercados monetario y de productos – 17. La efectividad de la política monetaria y fiscal – 18. Producto de equilibrio con un mercado de trabajo – 19. El nivel de precios y el ingreso de equilibrio – 20. Determinantes del nivel de precios – 21. El gasto colectivo y el crecimiento equilibrado.
590 ## - LOCAL NOTE (RLIN)
Local note niveau_biblio:m niveau_hierar:0
700 1# - ADDED ENTRY--PERSONAL NAME
Personal name Diulio, Eugene
942 ## - ADDED ENTRY ELEMENTS (KOHA)
Koha item type
Existencias
Withdrawn status Lost status Damaged status Not for loan Home library Current library Shelving location Date acquired Total checkouts Full call number Barcode Date last seen Price effective from Koha item type
        Biblioteca Prof. Eusebio Cleto del Rey Biblioteca Prof. Eusebio Cleto del Rey   07/04/2026   330.101.541 D536 L39354 07/04/2026 07/04/2026 Libro